000 00565 a2200181 4500
999 _c1604
_d1604
020 _a9221022048 (pbk.) :
050 0 0 _aTE119 VEE 1980
100 1 _aVeen, J. J. de.
245 1 4 _aThe Rural Access Roads Programme :
_bappropriate technology in Kenya /
_cJ.J. de Veen.
264 _aGeneva
_bInternational Labour Office
_c1980
300 _aviii, 167 p. :
_bill. ;
440 2 _aA WEP study
500 _aA WEP Study
504 _aIncludes bibliographical references.
650 _aRural Access Roads Programme.
651 _aKenya
942 _2lcc
_cBK
_h119
_iVEE
_kTE